|
|
|
|
| LEADER |
00000cam a2200000 7i4500 |
| 001 |
0000005530 |
| 005 |
20151222.0 |
| 008 |
070807 |
| 020 |
|
|
|a 9831438507 (set)
|
| 020 |
|
|
|a 9831438582
|
| 090 |
0 |
0 |
|a JF
|b REG MAL (7014)
|
| 100 |
0 |
|
|a Nur Hidayah
|
| 245 |
1 |
0 |
|a Mukjizat Nabi Isa
|c Nur Hidayah
|
| 260 |
|
|
|a Selangor ,
|c Mega Setia Emas ,
|c 2006
|
| 440 |
|
|
|a Koleksi kisah daripada Al-Quran
|
| 500 |
|
|
|a Children ages 7-9 years old (orange)
|
| 650 |
|
0 |
|a Junior fiction
|x Malay
|x Languages
|
| 650 |
|
0 |
|a Religion
|
| 999 |
|
|
|a 0000980860
|b Book
|c Children Collection
|e Cawangan Pontian
|
| 999 |
|
|
|a 0000980861
|b Book
|c Children Collection
|e Perbadanan Perpustakaan Awam Johor
|
| 999 |
|
|
|a 0000980863
|b Book
|c Children Collection
|e Perbadanan Perpustakaan Awam Johor
|
| 999 |
|
|
|a 0000980864
|b Book
|c Children Collection
|e Cawangan Pontian
|
| 999 |
|
|
|a 0000983638
|b Book
|c Children Collection
|e Cawangan Taman Universiti
|
| 999 |
|
|
|a 0000983639
|b Book
|c Children Collection
|e Cawangan Bukit Gambir
|
| 999 |
|
|
|a 0000983640
|b Book
|c Children Collection
|e Cawangan Tangkak
|
| 999 |
|
|
|a 0000983641
|b Book
|c Children Collection
|e Cawangan Bukit Gambir
|